Bienvenido a nuestro catálago, Biblioteca Universidad Monteávila

Podcast "Vibrando Alto" para visibilizar la filosofía de vida del Círculo de Realización Personal (CRP) en Caracas, Venezuela (Registro nro. 12340)

Detalles MARC
000 -CABECERA
campo de control de longitud fija 02894nmm a2200337 i 4500
003 - IDENTIFICADOR DEL NÚMERO DE CONTROL
campo de control vecauma
005 - FECHA Y HORA DE LA ÚLTIMA TRANSACCIÓN
campo de control 20250923145222.0
007 - CAMPO FIJO DE DESCRIPCIÓN FÍSICA--INFORMACIÓN GENERAL
campo de control de longitud fija cz aa aaaaa
008 - DATOS DE LONGITUD FIJA--INFORMACIÓN GENERAL
campo de control de longitud fija 250923s2025 ve ||||fo||d| 00| 0 spa d
040 ## - FUENTE DE LA CATALOGACIÓN
Centro catalogador/agencia de origen vecauma
Lengua de catalogación spa
Centro/agencia transcriptor vecauma
Centro/agencia modificador vecauma
Normas de descripción rda
041 0# - CÓDIGO DE LENGUA
Código de la lengua del documento spa
099 ## - Cota
Sufijo de archivo PFC11
Año 2025
100 1# - AUTOR PERSONAL
9 (RLIN) 13387
Nombre de persona De Biaggi Donis, Brina
Término indicativo de función/relación autor
245 10 - MENCIÓN DE TÍTULO
Título Podcast "Vibrando Alto" para visibilizar la filosofía de vida del Círculo de Realización Personal (CRP) en Caracas, Venezuela
Mención de responsabilidad, etc. / Brina De Biaggi Donis, María Elisa Delgado Torres ; tutor, Evelyn Miranda.
264 ## - PRODUCCIÓN, PUBLICACIÓN, DISTRIBUCIÓN, FABRICACIÓN Y COPYRIGHT
Fecha de publicación junio 2025.
300 ## - DESCRIPCIÓN FÍSICA
Extensión 1 recurso en línea.
336 ## - TIPO DE CONTENIDO
Término de tipo de contenido texto
Código de tipo de contenido txt
Fuente rdacontenido
337 ## - TIPO DE MEDIO
Nombre/término del tipo de medio computadora
Código del tipo de medio c
Fuente rdamedio
338 ## - TIPO DE SOPORTE
Nombre/término del tipo de soporte recurso en línea
Código del tipo de soporte cr
Fuente rdasoporte
347 ## - CARACTERÍSTICAS DEL ARCHIVO DIGITAL
Tipo de archivo archivo de texto
Formato de codificación PDF
502 ## - NOTA DE TESIS
Nota de tesis Proyecto Final de Carrera
Tipo de título (Licenciado en Comunicación Social). --
Nombre de la institución que otorga el título Universidad Monteávila,
Lugar de publicación Caracas,
Año de obtención del título 2025.
520 3# - SUMARIO, ETC.
Sumario, etc. El presente proyecto propone la creación del podcast “Vibrando Alto” para visibilizar el impacto de la filosofía de vida del Círculo de Realización Personal (CRP) en la salud mental dentro de diferentes contextos sociales en Caracas, Venezuela. En las últimas décadas, se ha observado que adultos y jóvenes venezolanos presentan dificultades para sobrellevar su salud mental a diario, por lo que han aumentado las búsquedas de herramientas de bienestar emocional como CRP. Por este motivo, las autoras del trabajo apuntan a la creación de un espacio seguro empleando un enfoque conversacional y reflexivo, complementado con recursos visuales y sonoros que logren fortalecer la conexión con la audiencia para satisfacer esta necesidad de consumo de contenido digerible y entretenido sobre inteligencia emocional. Se busca que “Vibrando Alto” sea una herramienta de apoyo en este camino de transformación emocional y desarrollo personal. A lo largo de cuatro episodios se exploraron las distintas dimensiones de dicho método, tal como: la diferencia entre CRP y la psicología tradicional, su beneficio en la perspectiva del duelo, su aplicación en contexto de crisis y un testimonio de cambio de perspectiva desde su práctica. Finalmente, esta propuesta permite que la audiencia desee ser expuesta a nuevas herramientas beneficiosas para la salud mental, así como despojar cualquier tipo de estereotipos existentes sobre las diversas maneras de abordar el bienestar emocional.
650 #0 - PUNTO DE ACCESO ADICIONAL DE MATERIA--TÉRMINO DE MATERIA
9 (RLIN) 351
Término de materia PODCASTS
Subdivisión general CASOS DE ESTUDIO
650 #0 - PUNTO DE ACCESO ADICIONAL DE MATERIA--TÉRMINO DE MATERIA
9 (RLIN) 880
Término de materia INTELIGENCIA EMOCIONAL
Subdivisión general CASOS DE ESTUDIO
650 #0 - PUNTO DE ACCESO ADICIONAL DE MATERIA--TÉRMINO DE MATERIA
9 (RLIN) 9956
Término de materia AUTORREALIZACION
Subdivisión general CASOS DE ESTUDIO
700 1# - ENTRADA AGREGADA--NOMBRE PERSONAL
9 (RLIN) 13386
Nombre de persona Delgado Torres, María Elisa
Término indicativo de función/relación autor
700 1# - ENTRADA AGREGADA--NOMBRE PERSONAL
9 (RLIN) 8153
Nombre de persona Miranda, Evelyn
Término indicativo de función/relación tutor
856 40 - LOCALIZACIÓN Y ACCESO ELECTRÓNICOS
Identificador Uniforme del Recurso <a href="http://repositoriodigital.uma.edu.ve:8080/jspui/handle/123456789/1411">http://repositoriodigital.uma.edu.ve:8080/jspui/handle/123456789/1411</a>
Nota pública Para ver el documento presione aquí
942 ## - ELEMENTOS DE ENTRADA AGREGADA (KOHA)
Fuente del sistema de clasificación o colocación Library of Congress Classification
Tipo de ítem Koha Trabajos de grado
Existencias
Estado de retiro Estado de pérdida Estado dañado No para préstamo Código de colección Localización permanente Ubicación/localización actual Fecha de adquisición Total de préstamos Cota Fecha visto por última vez Precio válido a partir de Tipo de ítem Koha
        Recursos electrónicos Biblioteca Universidad Monteávila Biblioteca Universidad Monteávila 23/09/2025   PFC11 2025 23/09/2025 23/09/2025 Trabajos de grado

Copyright @ UMA Library
Universidad Monteávila Caracas, Venezuela

Edif. Sede principal Universidad Monteávila. Av. El Buen Pastor. Boleíta Norte. Caracas. 
Customized by Universidad Monteávila

Con tecnología Koha